Patos, elefantes y héroes : la infancia como subdesarrollo /

Guardado en:
Bibliografiske detaljer
Hovedforfatter: Dorfman, Ariel (autor)
Format: Bog
Sprog:spansk
Udgivet: Madrid, España : Siglo XXI, 2002, c2002
Serier:(Sociología y Política)
Fag:
Tags: Tilføj Tag
Ingen Tags, Vær først til at tagge denne postø!

MARC

LEADER 00000nam^a2200000^a^4500
001 000154675
005 20250521000000.0
009 20260310100401.571
020 |a 84-323-1077-8 
037 |a Acervo ITESO - Biblioteca 
041 |a ESP 
082 |a 302. 2301  |b DOR 
100 |a Dorfman, Ariel  |e (autor) 
245 1 0 |a Patos, elefantes y héroes :  |b la infancia como subdesarrollo /  |c A. Dorfman. 
264 4 |a Madrid, España :  |b Siglo XXI,  |c 2002, c2002 
300 |a 219 p. 
336 |a texto  |b txt  |2 rdacontenido 
337 |a sin mediación  |b n  |2 rdamedio 
338 |a volumen  |b nc  |2 rdasoporte 
440 1 |a (Sociología y Política) 
649 |a XX 
650 |a Niños -  |x Condiciones Sociales y Culturales 
650 |a Héroes de Ficción 
650 |a Personajes de Ficción 
650 |a Historietas y Caricaturas Infantiles -  |x Historia y Crítica 
650 |a Historietas y Caricaturas de Aventuras y Policíacas -  |x Historia y Crítica 
650 |a Historietas y Caricaturas Norteamericanas -  |x Historia y Crítica 
650 |a Revistas -  |z EUA -  |x Historia 
650 |a Publicaciones Periódicas Norteamericanas -  |x Historia 
650 |a Literatura Infantil -  |x Historia y Crítica 
650 |a Industria Cultural -  |z EUA 
650 |a Medios de Comunicación 
650 |a Comunicación y Política 
650 |a Comunicación Masiva 
650 |a Sociología de la Comunicación 
910 |a Fondo General 
920 |a Impresos - Libros 
930 |a Colección General 
905 |a 101 
901 |a 0500086622  |b IT1  |c ACC  |u 20250521 
902 |a https://opac.biblio.iteso.mx/vufind/Record/000154675